Bài tập hình học 12

Nội dung trình bày : Các kiến thức cần nhớ (những kiến thức cơ bản mà học sinh cần phải nắm trước khi làm bài tập), các dạng toán cơ bản: các dạng toán thường gặp giúp cho học sinh tập làm quen với việc sắp xếp hệ thống lại các bài...

詳細記述

保存先:
書誌詳細
第一著者: Nguyễn, Mộng Hy
フォーマット: 図書
言語:Undetermined
出版事項: Hà Nội Giáo dục 2013
主題:
タグ: タグ追加
タグなし, このレコードへの初めてのタグを付けませんか!
Thư viện lưu trữ: Trung tâm Học liệu Trường Đại học Cần Thơ
LEADER 01289nam a2200217Ia 4500
001 CTU_182319
008 210402s9999 xx 000 0 und d
020 |c 11600 
082 |a 516.0076 
082 |b H600 
100 |a Nguyễn, Mộng Hy 
245 0 |a Bài tập hình học 12 
245 0 |c Nguyễn Mộng Hy (Chủ biên), Khu Quốc Anh, Trần Đức Huyên 
260 |a Hà Nội 
260 |b Giáo dục 
260 |c 2013 
520 |a Nội dung trình bày : Các kiến thức cần nhớ (những kiến thức cơ bản mà học sinh cần phải nắm trước khi làm bài tập), các dạng toán cơ bản: các dạng toán thường gặp giúp cho học sinh tập làm quen với việc sắp xếp hệ thống lại các bài toán đã làm...), câu hỏi và bài tập (bài tập theo từng chương và có phần hướng dẫn, đáp số và lời giải). Cuối mỗi chương có phần bài tập ôn chương kèm theo hướng dẫn và đáp án 
650 |a Geometry 
650 |x Study and teaching (Secondary) 
904 |i Bằng 
980 |a Trung tâm Học liệu Trường Đại học Cần Thơ